Thailand actress - Statistics

General Stats
  • This quiz has been taken 22 times
  • The average score is 9 of 16
Answer Stats
Picture Answer % Correct
Engfa
89%
Lingling
89%
June
83%
Milk
78%
Namtan
78%
View
78%
Freen
67%
Emi
61%
Fay
61%
Enjoy
39%
Faye
33%
Lena
33%
Shelly
22%
Jayna
17%
Lookmhee
17%
Tk
17%
No matching quizzes found
Score Distribution
Percent of People with Each Score
Percentile by Number Answered
Your Score History
You have not taken this quiz